Penjelajahan Angkasa

Bibliographic Details
Main Author: Jones, Brian
Format: Book
Published: Petaling Jaya : Penerbit Prisma Sdn. Bhd. , 1992
Series:Siri Khazanah Ilmu

MARC

LEADER 00000cam a2200000 7i4500
001 0000007762
002 000008332
005 20000330.0
020 |a 9839665642 
090 0 0 |a J 030   |b KHA 
100 0 |a Jones, Brian 
245 1 0 |a Penjelajahan Angkasa   |c Brian Jones 
260 |a Petaling Jaya :   |b Penerbit Prisma Sdn. Bhd. ,   |c 1992 
300 |a 61 p. :   |b ill. ;   |c 23 cm. 
490 0 |a Siri Khazanah Ilmu 
999 |a 026898   |b BUKU   |c PINJAMAN   |e PERPUSTAKAAN KOMUNITI PETALING JAYA